| 000 | 00564nam a2200193Ia 4500 | ||
|---|---|---|---|
| 008 | 220216s9999 xx 000 0 und d | ||
| 100 | _aVikram T | ||
| 245 | 0 | _aTechnical properties of cardanol grafted natural rubber and oil plasticized natural rubber: Comparative study | |
| 260 |
_bKautschuk Gummi Kunststoffe _c2005 |
||
| 300 | _a644-649 | ||
| 650 | _aAromatic process oil | ||
| 650 | _aCardanol | ||
| 650 | _aCrosslink density | ||
| 650 | _aCure rate | ||
| 650 | _aFlame retardancy | ||
| 650 | _aNatural rubber | ||
| 700 | _aNando G B | ||
| 942 | _cJS | ||
| 999 |
_c70320 _d70320 |
||